| 000 | 00722nam a2200241 i 4500 | ||
|---|---|---|---|
| 001 | bg | ||
| 245 | 0 | 0 |
_aTowaroznawstwo artykułów spożywczych. _nCz. 3 / _cpod red. Haliny Kolendy _n2. |
| 260 |
_aGdynia : _bWydaw. Akademii Morskiej, _c2005. |
||
| 300 |
_a168 s. : _brys., wykr. ; _c25. |
||
| 500 | _aNa okł. podtyt.: praca zbiorowa. | ||
| 504 | _aBibliogr., wykaz norm przy rozdz. | ||
| 650 | 9 |
_aŻywność _xtowaroznawstwo |
|
| 655 | _aPodręczniki akademickie | ||
| 700 | 1 |
_aKOLENDA, Halina. _eRed. |
|
| 015 | _aPB 14872/2005 | ||
| 020 | _a837421080X | ||
| 040 | _cBPK | ||
| 041 | 0 | _apol | |
| 080 | _a664.017(075.8) | ||
| 920 | _a83-7421-080-X | ||
| 942 | _cKS | ||
| 008 | s pl f |000 0 pol | ||
| 999 |
_c46718 _d46718 |
||
| 856 |
_uhttp://koha.tu.koszalin.pl/cgi-bin/koha/opac-detail.pl?biblionumber=46718 _yKatalog online BPK |
||